000 00928cam a2200277 i 4500
001 2206431
003 Ke-BoTe
005 20220614154550.0
008 741120s1975 pau 000 0 eng
010 _a 74030031
020 _a0664213049 (v. 1) :
_c$6.25.
_a0664241042 (v. 1)
_c$3.45
040 _aDLC
_cDLC
_dDLC
041 1 _aengund
050 0 0 _aBS2613
_b. B37 1975
082 0 0 _a226/.5/077
130 0 _aBible.
_pJohn.
_lEnglish.
_sBarclay.
_f1975.
_98420
245 1 4 _aThe Gospel of John /
_ctranslated with an introd. and interpretation by William Barclay.
250 _aRev. ed.
260 _aPhiladelphia :
_bWestminster Press,
_cc1975.
300 _aix, 254p. :
_c19 cm.
440 4 _aThe Daily study Bible series. -- Rev. ed.
_9790
630 0 0 _aBible.
_pJohn
_xCommentaries.
_9806
700 1 _aBarclay, William,
_d1907-1978,
_eed.
_9777
906 _a7
_bcbc
_corignew
_d1
_eocip
_f19
_gy-gencatlg
942 _2lcc
_cBK
_n0
999 _c4043
_d4043